000 00444nam a22001457a 4500
999 _c13007
_d13007
008 190206b ||||| |||| 00| 0 eng d
020 _a9715423590
082 _22002
_aDFil 899.2111
_bAb1
100 _aAbad, Gemino H.
_936675
245 _a'The children of the poor'/
_cGemino H. Abad.
260 _aQuezon City:
_bUP Press,
_c©2002
300 _aviii, page 32;
_c 20 cm.
650 _aPhilippine poetry (English).
_936676
942 _2ddc
_cDFIL